Parliamentary procedure (Record no. 826)

MARC details
000 -LEADER
fixed length control field 00949 a2200229 4500
008 - FIXED-LENGTH DATA ELEMENTS--GENERAL INFORMATION
fixed length control field 080821t xxu||||| |||| 00| 0 eng d
010 ## - LIBRARY OF CONGRESS CONTROL NUMBER
LC control number ENG-84976
020 ## - INTERNATIONAL STANDARD BOOK NUMBER
International Standard Book Number 8175345357
Terms of availability 1295.00
035 ## - SYSTEM CONTROL NUMBER
System control number EN-68509
037 ## - SOURCE OF ACQUISITION
Source of stock number/acquisition D.B.Act / Pub
082 ## - DEWEY DECIMAL CLASSIFICATION NUMBER
Classification number 328.54
100 ## - MAIN ENTRY--PERSONAL NAME
Personal name Kashyap, Subhash C.
245 ## - TITLE STATEMENT
Title Parliamentary procedure
Remainder of title the law, privileges, practice, and precedents
Statement of responsibility, etc Subhash C. Kashyap.
250 ## - EDITION STATEMENT
Edition statement 2nd ed
260 ## - PUBLICATION, DISTRIBUTION, ETC. (IMPRINT)
Place of publication, distribution, etc Delhi
Name of publisher, distributor, etc Universal Law Publishing
Date of publication, distribution, etc 2006
270 ## - ADDRESS
Address C-FF-1A, Dilkhush Industrial Area, G. T. Karnal Road,
City Delhi
State or province Delhi
Telephone number 27438103
Fax number 27458529
Electronic mail address sales@unilawbooks.com
300 ## - PHYSICAL DESCRIPTION
Extent Cix, 1228 p.
Dimensions 24 cm. (Hb)
500 ## - GENERAL NOTE
General note Includes indexes.
650 ## - SUBJECT ADDED ENTRY--TOPICAL TERM
Topical term or geographic name as entry element Parliamentary practice
Geographic subdivision India.
942 ## - ADDED ENTRY ELEMENTS (KOHA)
Institution code [OBSOLETE] dpl
Koha item type English Books
Call number prefix 328.54 / KAS
Source of classification or shelving scheme Dewey Decimal Classification
Classification part 328.54
Call number suffix KAS
Holdings
Withdrawn status Lost status Damaged status Not for loan Home library Current library Date acquired Cost, normal purchase price Total Checkouts Full call number Barcode Date last seen Copy number Uniform Resource Identifier Cost, replacement price Price effective from Koha item type
        D.B.Act.Division D.B.Act.Division 21/08/2008 1295.00   328.54 KAS EN-68509 15/09/2008 1 799 1295.00 15/09/2008 English Books

© Delhi Public Library
Hit Counter
free hit counter